| 000 | 004560000a22001810004500 | ||
|---|---|---|---|
| 003 | MACL | ||
| 005 | 20160131153753.0 | ||
| 008 | 160131b xxu||||| |||| 00| 0 eng d | ||
| 040 |
_aMACL _cMACL |
||
| 041 | _aEnglish | ||
| 082 | _a403 | ||
| 100 |
_aWren & Martin _936386 |
||
| 245 | _aHigh School English Grammer & composition | ||
| 260 |
_bS Chand & Company Ltd _c2011 _aNew Delhi |
||
| 350 | _a240 | ||
| 650 |
_aGrammer _936387 |
||
| 942 |
_cBK _k403 _2ddc |
||
| 999 |
_c45652 _d45652 |
||